000 00756nam a2200289Ia 4500
005 20260324111830.0
008 008 260324s9999 xx 000 0 eng d
020 _a9781003591221
037 _aEBOOK
040 _aCRL
040 _beng
040 _cCRL
041 _2eng
041 _aeng
084 _qCRL
100 _aV. K. Parvathy; Jyothi Kumar
_91140205
245 0 _aWomen’s Financial Capability and Financial Wellbeing
245 2 _bA Study on Community Based Organisations for Sustainable Development
260 _bTaylor and Francis
260 _c2025
365 _a
365 _b230
856 _uhttp://www.taylorfrancis.com/books/9781003591221
942 _cEBOOK
999 _c1729139
_d1729139